|
|
|
|
| LEADER |
00000nam a2200000 a 4500 |
| 001 |
vtls001354964 |
| 003 |
SK-MaSNL |
| 005 |
20260301114920.0 |
| 008 |
240313s1926 HU b 0 hun |
| 035 |
|
|
|a SNK000308416
|
| 040 |
|
|
|a SNK
|b slo
|c SNK
|e AACR2
|
| 044 |
|
|
|a HU
|
| 080 |
|
|
|a 929 Mošovský, Z.:340.136(439)"15"
|2 1981
|
| 100 |
1 |
|
|a Iványi, Béla,
|d 1878-1964
|4 aut
|9 151164
|
| 245 |
1 |
|
|a Mossóczy Zakariás és a Magyar Corpus Juris keletkezése
|
| 260 |
|
|
|a Budapest
|b Magyar Tudományos Akadémia
|c 1926
|
| 600 |
1 |
|
|a Mošovský, Zachariáš,
|d 1542-1587
|2 SNK
|9 158500
|
| 999 |
|
|
|c 720232
|d 722162
|
| 952 |
|
|
|t P60, <91>, [BOOK], {603}, -K-
|a SNK
|b SNK
|y NEVYP
|7 0
|p 17A0177988
|o snkSC 97851
|i snkF 362/99
|0 0
|1 0
|4 0
|d 1999-02-11
|l 0
|r 2005-01-02 00:00:00
|w 2026-02-23
|